[Event "Bad Woerishofen op"]
[Site "Bad Woerishofen"]
[Date "1995.??.??"]
[Round "9"]
[White "Boensch, Uwe"]
[Black "Wells, Peter K"]
[Result "1-0"]
[WhiteElo "2550"]
[BlackElo "2530"]

1.d4 Nf6 2.c4 e6 3.Nf3 d5 4.g3 Be7 5.Bg2 O-O 6.O-O dxc4 7.Qc2 a6 8.a4 Bd7
9.Qxc4 Bc6 10.Bg5 a5 11.Nc3 Na6 12.e3 Nb4 13.Qe2 Nd7 14.Bxe7 Qxe7 15.Rfd1 Rfd8
16.Rd2 Bxf3 17.Bxf3 c6 18.Bg2 e5 19.d5 Nc5 20.Qc4 cxd5 21.Nxd5 Nxd5 22.Bxd5 Rac8
23.Bxf7+ Qxf7 24.Rxd8+ Rxd8 25.Qxc5 Rd2 26.Rf1 Qd5 27.Qxd5+ Rxd5 28.Rc1 b5
29.b3 Kf7 30.Kg2 b4 31.Kf3 Rd2 32.Rc5 e4+ 33.Kxe4 Rxf2 34.Rf5+  1-0

[Event "Badenweiler op"]
[Site "Badenweiler"]
[Date "1995.??.??"]
[Round "3"]
[White "Bischoff, Dieter"]
[Black "Bach, Edwin"]
[Result "0-1"]
[WhiteElo "2195"]
[BlackElo "2330"]

1.d4 d5 2.c4 e6 3.Nf3 Nf6 4.g3 Be7 5.Bg2 O-O 6.O-O dxc4 7.Ne5 Nc6 8.Bxc6 bxc6
9.Nxc6 Qe8 10.Nxe7+ Qxe7 11.Qa4 e5 12.Qxc4 exd4 13.Qxd4 Qxe2 14.Nc3 Qh5 15.f3 Bb7
16.g4 Qg6 17.Bf4 Nxg4 18.fxg4 Qxg4+ 19.Kf2 Rfe8 20.Qxg7+ Qxg7 21.Rg1 Qg6
22.Bxc7 Rac8 23.Bf4 Rc4 24.Rxg6+ hxg6 25.Kg3 Rd8 26.Re1 Rd3+ 27.Re3 Rxe3+
28.Bxe3 a6 29.h4 f6 30.Bf2 Kf7 31.Be1 Ke6 32.b3 Rd4 33.Na4 Kf5 34.Nc5 Rg4+
35.Kf2 Bc8 36.Ke3 Rg1 37.Bf2 Rc1 38.Nd3 Rh1 39.b4 Rh3+ 40.Ke2 Be6 41.Nc1 Ra3  0-1

[Event "Baku Cup"]
[Site "Baku"]
[Date "1995.??.??"]
[Round "?"]
[White "Mochalov, Evgeny V"]
[Black "Bagirov, Rufat"]
[Result "1-0"]
[WhiteElo "2455"]
[BlackElo "2270"]

1.d4 d5 2.c4 e6 3.Nf3 Nf6 4.g3 Be7 5.Bg2 O-O 6.O-O c6 7.Qc2 Nbd7 8.Rd1 b6
9.b3 Bb7 10.Nc3 Qc7 11.Bf4 Bd6 12.Bxd6 Qxd6 13.e4 Nxe4 14.Nxe4 dxe4 15.Qxe4 Nf6
16.Qe3 Rfd8 17.Ne5 Rab8 18.Bf3 Qc7 19.c5 Nd5 20.Qe1 bxc5 21.dxc5 a5 22.Nc4 Nb4
23.Qc3 Ba6 24.Qe5 Qxe5 25.Nxe5 Bb7 26.Nd7 Rbc8 27.Nb6 Rb8 28.Nc4 Nc2 29.Rxd8+ Rxd8
30.Rd1 Nd4 31.Kg2 a4 32.bxa4 Ba6 33.Na5 Kf8 34.Nb3 e5 35.Nxd4 exd4 36.Bxc6 Rc8
37.Be4 Rxc5 38.Rxd4 Ke7 39.h4 Rc3 40.Bd5 Rc5 41.Bb3 Bb7+ 42.Kf1 Re5 43.Rb4 Bc6
44.Rc4 Bd7 45.f3 f5 46.Kf2 Kd6 47.Rc3 h6 48.Rd3+ Kc6 49.Re3 Kd6 50.Rxe5 Kxe5
51.Ke3 f4+ 52.gxf4+ Kd6 53.Kd4 Bc6 54.Bd1 Bd5 55.a3 Bc6 56.f5 Bd7 57.Bc2 Bc6
58.f4 Bd7 59.a5  1-0

[Event "Balatonbereny-C"]
[Site "Balatonbereny"]
[Date "1995.??.??"]
[Round "3"]
[White "Gross, David2"]
[Black "Lengyel, Bela"]
[Result "1/2-1/2"]
[WhiteElo "2240"]
[BlackElo "2425"]

1.d4 d5 2.c4 e6 3.Nf3 Nf6 4.g3 Be7 5.Bg2 O-O 6.O-O dxc4 7.Qc2 a6 8.Qxc4 b5
9.Qc2 Bb7 10.Bg5 Be4 11.Qd1 Nbd7 12.Nbd2 Bb7 13.Bxf6 Nxf6 14.Rc1 Rc8 15.Nb3 Bd5
16.Nc5 Bxc5 17.Rxc5 Ne4 18.Rc1 c5 19.dxc5 Nxc5 20.Ne5 Bxg2 21.Qxd8 Rfxd8
22.Kxg2 f6 23.Nf3 Na4 24.b3 Nc3 25.Rc2 b4 26.Rfc1 Rc5 27.a3 a5 28.axb4 axb4
29.Ne1 Rb5 30.Nd3 Nxe2 31.Rxe2 Rxd3 32.Rxe6 Rc3 33.Rd1 Rb7 34.Re3 Rc2 35.Rd4 Rb2
36.h4 h5 37.Rd5 Rc7 38.Rb5 Rc3 39.Rxc3 bxc3 40.b4  1/2-1/2

[Event "Regionalliga SO9495"]
[Site "Bayern"]
[Date "1995.??.??"]
[Round "1"]
[White "Zenker, Ulrich"]
[Black "Riediger, Martin"]
[Result "1-0"]
[WhiteElo "2165"]
[BlackElo "2205"]

1.d4 e6 2.Nf3 Nf6 3.c4 d5 4.g3 Be7 5.Bg2 O-O 6.O-O dxc4 7.Qc2 a6 8.a4 Nc6
9.Qxc4 Bd7 10.Ne5 b5 11.axb5 axb5 12.Rxa8 bxc4 13.Nxc6 Qxa8 14.Nxe7+ Kh8
15.Bxa8 Rxa8 16.Bd2 Rb8 17.Bc3 Ne4 18.d5 Nxc3 19.Nxc3 Re8 20.dxe6 fxe6 21.Rd1 Rxe7
22.Rd4 Kg8 23.Rxc4 Be8 24.e3 Kf7 25.b4 Kf6 26.f3 h6 27.Kf2 Rd7 28.Rd4 Re7
29.e4 g5 30.Ke3 Rg7 31.Rc4 Re7 32.Rc5 Rg7 33.e5+ Kg6 34.Ne4 Re7 35.b5 c6
36.b6 Rb7 37.Nd6 Rxb6 38.Nxe8 Rb3+ 39.Ke4 Rb4+ 40.Kd3  1-0

[Event "Oberliga Bayern9495"]
[Site "Bayern"]
[Date "1995.??.??"]
[Round "3"]
[White "Lentrodt, Thomas"]
[Black "Unzicker, Ferdinand"]
[Result "0-1"]
[WhiteElo "2285"]
[BlackElo "2275"]

1.d4 Nf6 2.c4 e6 3.g3 d5 4.Bg2 Be7 5.Nf3 O-O 6.cxd5 exd5 7.O-O c6 8.Nc3 Re8
9.Bg5 Ne4 10.Bxe7 Qxe7 11.Nxe4 dxe4 12.Ne1 Nd7 13.d5 cxd5 14.Qxd5 Nf6 15.Qb5 Bd7
16.Qg5 Qb4 17.b3 Rac8 18.Rd1 Bb5 19.Qd2 Qxd2 20.Rxd2 Red8 21.Rxd8+ Rxd8 22.Nc2 Bxe2
23.Re1 Rd2 24.Rc1 g6 25.a4 Bd1 26.Ne3 Bxb3 27.Rc7 Rd7 28.Rc8+ Kg7 29.a5 Be6
30.Rc5 Kf8 31.h3 Ke7 32.g4 h6 33.Kh2 Kd6 34.Rc8 Rc7 35.Rh8 Rc5 36.Rxh6 Rxa5
37.Kg3 b5 38.Rh8 b4 39.Rb8 b3 40.Bf1 Kc7 41.Rb4 Rc5 42.Ba6 Rc3 43.Kh4 Nd5
44.Rxe4 Nxe3 45.fxe3 b2  0-1

[Event "Oberliga Bayern9495"]
[Site "Bayern"]
[Date "1995.??.??"]
[Round "4"]
[White "Boehm, Uwe"]
[Black "Schmidt, Gerhardt"]
[Result "1/2-1/2"]
[WhiteElo "2240"]
[BlackElo "2255"]

1.d4 d5 2.c4 e6 3.Nf3 Nf6 4.g3 Be7 5.Bg2 c6 6.Qc2 Nbd7 7.O-O O-O 8.b3 b5
9.c5 a5 10.Bb2 Qc7 11.Nbd2 Re8 12.h3 b4 13.a3 Ba6 14.Rfe1 bxa3 15.Bxa3 Bb5  1/2-1/2

[Event "Oberliga Bayern9495"]
[Site "Bayern"]
[Date "1995.??.??"]
[Round "4"]
[White "Keller, Manfred"]
[Black "Schmidt, Gerhardt"]
[Result "1/2-1/2"]
[WhiteElo "2225"]
[BlackElo "2255"]

1.d4 d5 2.c4 e6 3.Nf3 Nf6 4.g3 Be7 5.Bg2 c6 6.O-O Nbd7 7.Qc2 O-O 8.Nbd2 b5
9.c5 Qc7 10.e4 dxe4 11.Nxe4 Nxe4 12.Qxe4 Nf6 13.Qe5  1/2-1/2

[Event "Regionalliga SO9495"]
[Site "Bayern"]
[Date "1995.??.??"]
[Round "5"]
[White "Kislinger, Georg"]
[Black "Zepke, Armin"]
[Result "1-0"]
[WhiteElo "2005"]
[BlackElo "1950"]

1.d4 d5 2.Nf3 Nf6 3.c4 e6 4.g3 Be7 5.Bg2 O-O 6.O-O Nbd7 7.Qc2 c6 8.b3 b6
9.Nc3 Bb7 10.Rd1 Rc8 11.e4 c5 12.exd5 exd5 13.dxc5 dxc4 14.b4 Re8 15.Bf4 a6
16.Ne5 Bxg2 17.Kxg2 Qc7 18.Nxc4 Qb7+ 19.f3 bxc5 20.bxc5 Bxc5 21.Rab1 Qc6
22.Na5 Qe6 23.Qd3 Bb6 24.Nb3 Qc6 25.Rbc1 Nc5 26.Nxc5 Qxc5 27.Ne4 Qe7 28.Bg5 Qe6
29.Rxc8 Rxc8 30.Bxf6 gxf6 31.Rd2 Rd8 32.Qc2 Rc8 33.Qb2 Rc6 34.Rc2 f5 35.Rxc6 Qxc6
36.Nf6+ Kf8 37.Nxh7+ Ke7 38.Qe5+ Qe6 39.Qxe6+ fxe6 40.Ng5 Kf6  1-0

[Event "Regionalliga SO9495"]
[Site "Bayern"]
[Date "1995.??.??"]
[Round "6"]
[White "Kislinger, Georg"]
[Black "Guenther, Carsten"]
[Result "1-0"]
[WhiteElo "2005"]
[BlackElo "1975"]

1.d4 d5 2.Nf3 Nf6 3.c4 e6 4.g3 Be7 5.Bg2 O-O 6.O-O c6 7.Qc2 b6 8.b3 Bb7 9.Nc3 Na6
10.Rd1 Rc8 11.Bb2 Qc7 12.e4 Nb4 13.Qe2 dxe4 14.Nxe4 Nxe4 15.Qxe4 Bf6 16.Ne5 Ba8
17.Ng4 Bg5 18.a3 Na6 19.h4 Be7 20.h5 Qd7 21.Ne5 Qd6 22.Qg4 f5 23.Qe2 Nb8
24.c5 bxc5 25.dxc5 Qxc5 26.Rac1 Qb5 27.Qxb5 cxb5 28.Bxa8  1-0

[Event "Lee Cup"]
[Site "Beijing"]
[Date "1995.??.??"]
[Round "3"]
[White "Li Wenliang"]
[Black "Wu Shaobin"]
[Result "0-1"]
[WhiteElo "2425"]
[BlackElo "2430"]

1.d4 Nf6 2.c4 e6 3.g3 d5 4.Nf3 Be7 5.Bg2 O-O 6.O-O dxc4 7.Qc2 a6 8.a4 Bd7
9.Qxc4 Bc6 10.Rd1 a5 11.Nc3 Nbd7 12.Qd3 Bb4 13.Bf4 Nd5 14.Bd2 N5b6 15.Qc2 Nf6
16.Bg5 h6 17.Bxf6 Qxf6 18.e4 Rfd8 19.Nb5 Qe7 20.Ne5 Bxb5 21.axb5 Rac8 22.Qe2 Ra8
23.Qc2 Rdc8 24.Nd3 c6 25.bxc6 Rxc6 26.Qb3 Rc4 27.Ne5 Rc7 28.Bf3 Rd8 29.Bh5 g6
30.Bf3 Kg7 31.Kg2 h5 32.Be2 Nc8 33.Bf3 Nb6 34.Qd3 f6 35.Qb5 fxe5 36.Qxb6 exd4
37.e5 d3 38.g4 hxg4 39.Bxg4 d2 40.Rg1 Bc5 41.Qb3 Rf8 42.Bf3 Rf5 43.Qd1 Qh4
44.Qxd2 Rxf3  0-1

[Event "Lee Cup"]
[Site "Beijing"]
[Date "1995.??.??"]
[Round "9"]
[White "Xia Yu"]
[Black "Zhang Zhong"]
[Result "1/2-1/2"]
[WhiteElo "2365"]
[BlackElo "2430"]

1.d4 Nf6 2.Nf3 d5 3.g3 e6 4.Bg2 Be7 5.c4 dxc4 6.Qa4+ Bd7 7.Qxc4 Bc6 8.O-O b5
9.Qc2 O-O 10.Nbd2 Bb7 11.Nb3 Be4 12.Qd1 Nbd7 13.Bg5 c5 14.dxc5 Nxc5 15.Nxc5 Bxc5
16.Rc1 Qb6 17.Bxf6 gxf6 18.Ne5 fxe5 19.Bxe4 Rad8 20.Qc2 Rc8 21.Qd2 f5 22.Bc2 Kh8
23.Qh6 e4 24.e3 e5 25.Qxb6 Bxb6 26.Kg2 Rfd8 27.Bb3  1/2-1/2

[Event "Berliner Sommer"]
[Site "Berlin"]
[Date "1995.??.??"]
[Round "1"]
[White "Shipov, Sergei"]
[Black "Nitsche, Dirk"]
[Result "1/2-1/2"]
[WhiteElo "2510"]
[BlackElo "2125"]

1.d4 Nf6 2.c4 e6 3.Nf3 d5 4.g3 Be7 5.Bg2 O-O 6.Nc3 b6 7.O-O Bb7 8.Ne5 Nbd7
9.cxd5 Nxe5 10.d6 Nc6 11.dxe7 Qxe7 12.Qa4 Na5 13.e4 Rfd8 14.Rd1 c5 15.d5 e5
16.f4 c4 17.Qa3 Qe8 18.b4 cxb3 19.axb3 Bc8 20.Bd2 Nb7 21.Be1 Bd7 22.Bf1 a5
23.b4 a4 24.b5 Nc5 25.Qb4 Nb3 26.Ra2 Nd4 27.Bg2 Nxb5 28.fxe5 Ng4 29.Nxb5 Bxb5
30.Bc3 Bd7 31.Qb2 a3 32.Rxa3 Rxa3 33.Qxa3 Nxe5 34.Qa1 f6 35.Bd4 b5 36.h3 Nc4
37.Qc3 Qe7 38.Bf1 Rc8 39.Qa1 Qb4 40.Qb1 Qxb1 41.Rxb1 Nd2 42.Rd1 Nxe4 43.g4 Nd6
44.Re1 Re8 45.Rc1 Rc8 46.Re1 Re8 47.Rc1  1/2-1/2

[Event "Berliner Sommer"]
[Site "Berlin"]
[Date "1995.??.??"]
[Round "6"]
[White "Neverov, Valeriy"]
[Black "Timoshenko, Georgy"]
[Result "1/2-1/2"]
[WhiteElo "2485"]
[BlackElo "2550"]

1.d4 Nf6 2.c4 e6 3.g3 d5 4.Nf3 Be7 5.Bg2 O-O 6.O-O dxc4 7.Qc2 a6 8.a4 Nc6
9.Qxc4 a5 10.Nc3 Nb4 11.Bf4 c6 12.Rad1 b6 13.Ne5 Ba6 14.Qb3 Nfd5 15.Bc1 Bd6
16.Nc4 Bc7 17.e4 Ne7 18.Rfe1 h6 19.Na2 Nxa2 20.Qxa2 Re8 21.b3 Ra7 22.Qc2 b5
23.Ne5 Bb7 24.Nd3 Ba8 25.Nc5 Bd6 26.Bb2 Nc8 27.Bf1 b4 28.f4 Bf8 29.Rc1 Nb6
30.Bg2 Nd7 31.Nd3 Qb6 32.Qf2 Rc7 33.Nc5 Qa7 34.Nxd7 Rxd7 35.Rc2 Red8 36.h3 c5
37.dxc5 Bc6 38.Kh2 Rd3 39.Re3 Rd1 40.Ree2 R1d3 41.Re3  1/2-1/2

[Event "Berliner Sommer"]
[Site "Berlin"]
[Date "1995.??.??"]
[Round "8"]
[White "Gleizerov, Evgeny"]
[Black "Berzinsh, Roland"]
[Result "1-0"]
[WhiteElo "2540"]
[BlackElo "2435"]

1.d4 Nf6 2.c4 e6 3.g3 d5 4.Nf3 Be7 5.Bg2 O-O 6.O-O dxc4 7.Nc3 Nc6 8.e3 Rb8
9.Qa4 Nb4 10.Qxa7 Bd7 11.Ne5 Nfd5 12.Qxb8 Qxb8 13.Nxd7 Qa7 14.Nxf8 Bxf8 15.Nxd5 exd5
16.Bd2 c6 17.a3 Nd3 18.Bc3 b5 19.Rfd1 Qd7 20.b3 h5 21.bxc4 dxc4 22.h4 Bd6
23.e4 c5 24.Bf1 Bxg3 25.fxg3 Qg4 26.Rxd3 cxd3 27.Kf2 Qxe4 28.Re1 Qf5+ 29.Kg1 f6
30.Bg2 d2 31.Bxd2 Qd3 32.Bd5+ Kf8 33.Be3 b4 34.axb4 cxb4 35.Bf2 f5 36.Re3 Qd1+
37.Kg2 g6 38.Re6 f4 39.Rf6+ Ke7 40.Rxf4 b3 41.Re4+ Kd6 42.Re1 Qc2 43.Be4 Qd2
44.Ra1 Qe2 45.Bxg6 b2 46.Re1 Qd2 47.Be4 Qc1 48.Kf3 Qd2 49.Rb1 Qc3+ 50.Be3 Qc8
51.Kf2 Qc3 52.Ke2 Qc4+ 53.Bd3 Qc3 54.Rf1 Ke6 55.Rd1 Kd5 56.Bb1 Qc4+ 57.Bd3 Qc3
58.Rf1 Ke6 59.Rg1 Kd6 60.g4 hxg4 61.h5 Qa5 62.h6 Qa2 63.Rb1 Qa8 64.h7 Qg2+
65.Kd1 Qh3 66.Kd2 Qg2+ 67.Kc3 Qc6+ 68.Bc4 Qe8 69.Bf4+ Kc6 70.Be5  1-0

[Event "Bern op"]
[Site "Bern"]
[Date "1995.??.??"]
[Round "4"]
[White "Zueger, Beat"]
[Black "Ilijin, Neboisa"]
[Result "1/2-1/2"]
[WhiteElo "2480"]
[BlackElo "2280"]

1.c4 e6 2.Nf3 Nf6 3.g3 d5 4.d4 Be7 5.Bg2 O-O 6.O-O c6 7.Qc2 Nbd7 8.Bg5 b5
9.c5 a5 10.Nbd2 Bb7 11.Rfe1 Rc8 12.e3 h6 13.Bxf6 Bxf6 14.e4 g6 15.e5 Bg7
16.h4 f5 17.exf6 Qxf6 18.Bh3 Rce8 19.Re3 Bc8 20.Rae1 e5 21.dxe5 Nxe5 22.Bxc8 Nxf3+
23.Nxf3 Rxe3 24.Rxe3 Rxc8  1/2-1/2

[Event "Bern op"]
[Site "Bern"]
[Date "1995.??.??"]
[Round "6"]
[White "Suba, Mihai"]
[Black "Dervishi, Erald"]
[Result "1-0"]
[WhiteElo "2475"]
[BlackElo "2305"]

1.c4 e6 2.g3 Nf6 3.Bg2 d5 4.Nf3 Be7 5.d4 b6 6.cxd5 exd5 7.Nc3 Bb7 8.Qa4+ Bc6
9.Qb3 O-O 10.O-O Bb7 11.Rd1 Na6 12.Bg5 c6 13.a4 h6 14.Bxf6 Bxf6 15.a5 Be7
16.e4 Nb4 17.Ne5 Re8 18.a6 Bxa6 19.exd5 c5 20.d6 Qxd6 21.Qxf7+  1-0

[Event "Bern op"]
[Site "Bern"]
[Date "1995.??.??"]
[Round "7"]
[White "Stoll, Ferdinand"]
[Black "Muco, Fatos"]
[Result "1/2-1/2"]
[WhiteElo "2230"]
[BlackElo "2430"]

1.c4 Nf6 2.g3 e6 3.Bg2 d5 4.Nf3 Be7 5.d4 O-O 6.O-O b6 7.Nc3 Bb7 8.Ne5 Na6
9.Qa4 Qe8 10.Qxe8 Rfxe8 11.cxd5 exd5 12.Bg5 Ne4 13.Nxe4 dxe4 14.Bxe7 Rxe7
15.Nc4 Rd8 16.Rfd1 Red7 17.e3 g6 18.Bf1 f6 19.Bh3 Re7 20.a3 Bd5 21.Bf1 Nb8
22.b4 Nd7 23.b5 Nf8 24.Rdc1 h5 25.h4 Rg7 26.Nd2 Kh7  1/2-1/2

[Event "Biel Credis op"]
[Site "Biel"]
[Date "1995.??.??"]
[Round "9"]
[White "Marinkovic, Ivan"]
[Black "Wyss, Thomas"]
[Result "1-0"]
[WhiteElo "2465"]
[BlackElo "2255"]

1.d4 Nf6 2.g3 d5 3.Bg2 e6 4.Nf3 Be7 5.c4 O-O 6.Qc2 c5 7.dxc5 Nc6 8.O-O Nb4
9.Qb3 Bxc5 10.Nc3 Nc6 11.cxd5 exd5 12.Bg5 d4 13.Rfd1 Re8 14.Qc4 Bb6 15.Bxf6 Qxf6
16.Nd5 Qd8 17.Nxb6 Be6 18.Qb5 axb6 19.Qd3 Bd5 20.Nxd4 Bxg2 21.Kxg2 Nxd4 22.Qxd4 Qxd4
23.Rxd4 Rxe2 24.Rb4 Rc8 25.Rd1 g6 26.Rd7 Rcc2 27.Rf4 f5 28.b4 Rxa2 29.Rxb7 Rab2
30.Rxb6 Re4 31.Rb7 Rxf4 32.gxf4 Rb3 33.b5 Rb4 34.Kg3 Rb3+ 35.Kg2 Rb4 36.b6 Rxf4
37.Rc7  1-0

[Event "GER-ch"]
[Site "Binz"]
[Date "1995.??.??"]
[Round "1"]
[White "Odendahl, Reiner"]
[Black "Krause, Ullrich"]
[Result "1/2-1/2"]
[WhiteElo "2370"]
[BlackElo "2260"]

1.Nf3 d5 2.c4 e6 3.g3 Nf6 4.Bg2 Be7 5.d4 O-O 6.O-O Nbd7 7.Qc2 c6 8.Nbd2 b6
9.e4 Bb7 10.Rd1 Rc8 11.b3 c5 12.exd5 exd5 13.Qf5 dxc4 14.Nxc4 cxd4 15.Bb2 Qc7
16.Nxd4 Bxg2 17.Kxg2 Qb7+ 18.Qf3 Qxf3+ 19.Kxf3 g6 20.Rac1 a6 21.Ne3 Rfe8
22.h3 h5  1/2-1/2

[Event "GER-ch"]
[Site "Binz"]
[Date "1995.??.??"]
[Round "3"]
[White "Odendahl, Reiner"]
[Black "Matthias, Heiner"]
[Result "0-1"]
[WhiteElo "2370"]
[BlackElo "2330"]

1.Nf3 d5 2.c4 e6 3.g3 Nf6 4.Bg2 Be7 5.d4 O-O 6.O-O dxc4 7.Qc2 a6 8.Qxc4 b5
9.Qc2 Bb7 10.Bf4 Nd5 11.Nc3 Nxf4 12.gxf4 Nc6 13.Rfd1 Nb4 14.Qb1 Qb8 15.Ne4 Qa7
16.e3 Rac8 17.Ne1 f5 18.Nc3 Bxg2 19.Nxg2 Qb7 20.a3 Nd5 21.Nxd5 Qxd5 22.Qa2 Qxa2
23.Rxa2 c5 24.dxc5 Rxc5 25.Ne1 Rfc8 26.Raa1 Bf6 27.Rab1 R5c6 28.Kg2 Kf8 29.Rd2 Rd8
30.Rbd1 Rxd2 31.Rxd2 Ke7 32.Kf3 e5 33.fxe5 Bxe5 34.Kg2 Rg6+ 35.Kh1 Rd6 36.Rxd6 Bxd6
37.Nc2 Ke6 38.b3 Kd5 39.f3 a5 40.Nd4 a4 41.Nxb5 axb3 42.e4+ fxe4 43.fxe4+ Kc5  0-1

[Event "Bonn GSK-2"]
[Site "Bonn"]
[Date "1995.??.??"]
[Round "8"]
[White "Jackelen, Thomas"]
[Black "Proehl, Holger"]
[Result "1/2-1/2"]
[WhiteElo "2405"]
[BlackElo "2365"]

1.Nf3 d5 2.c4 e6 3.g3 Nf6 4.Bg2 Be7 5.d4 O-O 6.O-O c6 7.Qc2 Nbd7 8.Rd1 Ne4
9.b3 f5 10.Ba3 Bxa3 11.Nxa3 Qf6 12.e3 g5 13.Qb2 f4 14.exf4 gxf4 15.Rf1 Qh6
16.Rae1 Ndf6 17.Ne5 Ng5 18.Qe2 Kh8 19.f3 Nh5 20.Qf2 Qg7  1/2-1/2

[Event "SWE-ch"]
[Site "Borlange"]
[Date "1995.??.??"]
[Round "6"]
[White "Akesson, Ralf"]
[Black "Hedman, Erik"]
[Result "1-0"]
[WhiteElo "2465"]
[BlackElo "2320"]

1.Nf3 Nf6 2.c4 e6 3.g3 d5 4.d4 Be7 5.Bg2 O-O 6.O-O dxc4 7.Qc2 a6 8.a4 Bd7
9.Qxc4 Bc6 10.Bg5 a5 11.Nc3 Na6 12.Rfd1 Nb4 13.e3 h6 14.Bxf6 Bxf6 15.Nd2 Bd5
16.Qe2 Bxg2 17.Kxg2 c6 18.Qh5 Qb6 19.Nc4 Qa6 20.b3 b6 21.h4 Nd5 22.Ne4 c5
23.Qf3 Be7 24.dxc5 bxc5 25.Rac1 Rab8 26.Ne5 f5 27.Nxc5 Bxc5 28.Rxc5 Qd6 29.Rcxd5 exd5
30.Rxd5 Qe6 31.h5 Rxb3 32.Ng6 Re8 33.Rxf5 Rbb8 34.Re5 Qb3 35.Rxa5 Qb7 36.Qxb7 Rxb7
37.g4 Rc8 38.Kg3 Rcc7 39.Rf5 Rf7 40.Re5 Rb8 41.a5 Rf6 42.Rc5 Ra8 43.Ne5 Rd6
44.e4 Rd1 45.f3 Ra1 46.Nc6 Ra3 47.e5 Kf7 48.Rd5 Rc8 49.Nd4 Ke7 50.e6  1-0

[Event "SWE-ch"]
[Site "Borlange"]
[Date "1995.??.??"]
[Round "6"]
[White "Wessman, Richard"]
[Black "Schneider, Lars Ake"]
[Result "1-0"]
[WhiteElo "2440"]
[BlackElo "2420"]

1.d4 Nf6 2.c4 e6 3.g3 d5 4.Bg2 Be7 5.Nf3 O-O 6.O-O c5 7.dxc5 Nc6 8.Nbd2 Bxc5
9.a3 a5 10.cxd5 exd5 11.Nb3 Bb6 12.Nbd4 Ne4 13.Be3 Bg4 14.Nxc6 bxc6 15.Nd4 Bd7
16.Rc1 Rb8 17.Bxe4 dxe4 18.Qd2 Qf6 19.Qc3 h6 20.Rfd1 c5 21.Nb3 Ba4 22.Rd2 Qxc3
23.Rxc3 c4 24.Bxb6 Rxb6 25.Nxa5 Rc8 26.Nxc4 Rbc6 27.Nb6  1-0

[Event "RUS-sf"]
[Site "Briansk"]
[Date "1995.??.??"]
[Round "3"]
[White "Vasilchenko, Oleg"]
[Black "Suleimanov, Salman"]
[Result "1-0"]
[WhiteElo "2430"]
[BlackElo "2335"]

1.d4 d5 2.c4 e6 3.Nf3 Nf6 4.g3 Be7 5.Bg2 c6 6.O-O O-O 7.Nbd2 Nbd7 8.Qc2 b6
9.Rd1 Bb7 10.e4 Nxe4 11.Nxe4 dxe4 12.Qxe4 Nf6 13.Qe2 Qc8 14.b3 Rd8 15.Bb2 Kf8
16.Rd2 c5 17.Rad1 Ne4 18.Rd3 cxd4 19.Bxd4 Nc5 20.Bxc5 Qxc5 21.Rxd8+ Rxd8
22.Rxd8+ Bxd8 23.Qd3 Bf6 24.Qxh7 Qf5 25.Qxf5 exf5 26.Ne1 Bc8 27.Nd3 Bd4 28.Kf1 g5
29.h4 f6 30.f4 g4 31.Bd5 Bd7 32.Ke2 Ke7 33.h5 Be8 34.h6 Bg6 35.b4 Bh7 36.c5 bxc5
37.bxc5 Kd7 38.c6+ Ke8 39.Nb4 Bc5 40.Na6 Bd6 41.Be6 Kd8 42.a4 Ke7 43.c7 Bxc7
44.Nxc7 Kd6 45.Nb5+ Kxe6 46.Nxa7 Kf7 47.Nc6 Kg6 48.a5  1-0

[Event "AUS-sf Brisbane"]
[Site "Brisbane"]
[Date "1995.??.??"]
[Round "4"]
[White "Laird, Craig"]
[Black "Truscott, Anthony J"]
[Result "1/2-1/2"]
[WhiteElo "2315"]
[BlackElo "2005"]

1.d4 Nf6 2.Nf3 e6 3.g3 d5 4.Bg2 Be7 5.c4 dxc4 6.O-O O-O 7.Qc2 a6 8.Qxc4 b5
9.Qc2 Bb7 10.Bf4 Bd6 11.Nbd2 Nc6 12.Nb3 Nb4 13.Qc1 Bd5 14.Nfd2 Bxg2 15.Kxg2 Bxf4
16.gxf4 Qd5+ 17.Kg1 Qf5 18.a3 Nbd5 19.e3 Qh3 20.Re1 Ng4 21.Nf1 Nxf4 22.exf4 Qxb3
23.Ne3 Nxe3 24.fxe3 Qd5 25.Re2 Rac8 26.Rc2 c6 27.Rc5 Qf3 28.Qe1 Rfd8 29.Qf2 Qxf2+
30.Kxf2 Kf8 31.Rac1 Rd6 32.b4 Ke7 33.Ke2 Kd7 34.Rh5 Rh8 35.Rhc5 Rc8 36.a4 Rd5
37.axb5 Rxc5 38.dxc5 axb5 39.Rg1 Ra8 40.Rxg7 Ke7 41.Rxh7 Ra4 42.f5 Rxb4 43.Rh6 exf5
44.Rxc6 f4 45.exf4 Rxf4 46.Rb6 b4 47.Kd3 Rh4 48.Rb8  1/2-1/2

[Event "Budapest FS05 GM"]
[Site "Budapest"]
[Date "1995.??.??"]
[Round "1"]
[White "Szekely, Peter"]
[Black "Lukacs, Peter"]
[Result "1/2-1/2"]
[WhiteElo "2455"]
[BlackElo "2490"]

1.Nf3 Nf6 2.c4 e6 3.g3 d5 4.Bg2 Be7 5.d4 O-O 6.O-O dxc4 7.Qc2 a6 8.Qxc4 b5
9.Qc2 Bb7 10.Bg5 Be4 11.Qc1 Nbd7 12.Nbd2 Bd5 13.Rd1 Rc8 14.Bxf6 Nxf6 15.Nb3 c6
16.Nc5 Qb6  1/2-1/2

[Event "Budapest FS10 GM"]
[Site "Budapest"]
[Date "1995.??.??"]
[Round "2"]
[White "Almasi, Istvan"]
[Black "Van den Doel, Erik"]
[Result "1/2-1/2"]
[WhiteElo "2395"]
[BlackElo "2305"]

1.d4 Nf6 2.c4 e6 3.g3 d5 4.Bg2 Be7 5.Nf3 O-O 6.O-O Nbd7 7.Qc2 c6 8.Nbd2 b6
9.e4 Bb7 10.e5 Ne8 11.cxd5 cxd5 12.Re1 Rc8 13.Qb3 Ba6 14.Nf1 Bc4 15.Qd1 Nc7
16.h4 Na6 17.a3 Nab8 18.h5 Nc6 19.h6 g6 20.b3 Bb5 21.N1h2 a5 22.Bf4 Na7 23.Qd2 Ba6
24.Bg5 Rc6 25.Rec1 Bxg5 26.Nxg5 Qe7 27.Rxc6 Nxc6 28.f4 Rc8 29.Ngf3 Qf8 30.Ng4 Ne7
31.Ng5 Nf5 32.Kf2 Rc6 33.Ne3 Nxe3 34.Qxe3 Rc2+ 35.Kg1 Qxh6 36.Rc1 Rxc1+ 37.Qxc1 Qf8
38.Qc7 Qe7 39.Qc6 h6 40.Nxe6 fxe6 41.Qa8+ Kf7 42.Qxa6 Qxa3 43.Qc8 Ke7 44.Qc2 a4
45.bxa4 Qxg3 46.Qd2 h5 47.Kh1 Qh4+ 48.Kg1 Qg3 49.Kh1 Kf7 50.Qc1 h4 51.Qc7 Ke8
52.Qc6 Qe1+ 53.Kh2 Qg3+ 54.Kh1 Qg4 55.Bxd5 exd5 56.e6 Qh3+ 57.Kg1 Qg3+ 58.Kh1 Qe1+
59.Kh2 Qf2+ 60.Kh1 Qf1+ 61.Kh2 Qxf4+  1/2-1/2

[Event "Budapest FS12 GM"]
[Site "Budapest"]
[Date "1995.??.??"]
[Round "3"]
[White "Vadasz, Laszlo"]
[Black "Csom, Istvan"]
[Result "1/2-1/2"]
[WhiteElo "2350"]
[BlackElo "2455"]

1.Nf3 d5 2.d4 Nf6 3.c4 e6 4.g3 Be7 5.Bg2 O-O 6.O-O c6 7.b3 b6 8.Qc2 Bb7 9.Nc3 Nbd7
10.Rd1 Rc8 11.e4 dxe4 12.Nxe4 Nxe4 13.Qxe4 Nf6 14.Qc2 Qc7 15.Bf4 Bd6 16.Bxd6 Qxd6  1/2-1/2

[Event "Budapest FS10 GM"]
[Site "Budapest"]
[Date "1995.??.??"]
[Round "6"]
[White "Szekely, Peter"]
[Black "Van den Doel, Erik"]
[Result "1/2-1/2"]
[WhiteElo "2435"]
[BlackElo "2305"]

1.Nf3 Nf6 2.c4 e6 3.g3 d5 4.Bg2 Be7 5.d4 O-O 6.Qc2 Nbd7 7.O-O c6 8.Nbd2 b6
9.e4 Bb7 10.b3 Rc8 11.Bb2 c5 12.exd5 exd5 13.dxc5 Bxc5 14.Rad1 Qc7 15.Qf5 Rfe8
16.Rfe1 Ba8 17.a3 a5  1/2-1/2

[Event "Budapest FS06 GM"]
[Site "Budapest"]
[Date "1995.??.??"]
[Round "9"]
[White "Horvath, Jozsef"]
[Black "Farago, Sandor"]
[Result "1-0"]
[WhiteElo "2515"]
[BlackElo "2360"]

1.d4 d5 2.c4 e6 3.Nf3 Be7 4.g3 Nf6 5.Bg2 O-O 6.Nc3 dxc4 7.Ne5 Nc6 8.Bxc6 bxc6
9.Nxc6 Qd6 10.Qa4 Bb7 11.Nxe7+ Qxe7 12.O-O a5 13.Qxc4 Rfd8 14.Bf4 Qb4 15.Qxc7 Rac8
16.a3 Qb3 17.Qxa5 Rxd4 18.Rfd1 Rxd1+ 19.Rxd1 Bd5 20.Qa6 Rf8 21.Qb5 Qc2 22.Rc1 Qg6
23.Nxd5 exd5 24.Qd3 Qg4 25.Be5 Re8 26.Bxf6 gxf6 27.e3 Re5 28.Qd4 Qe2 29.Rd1 h5
30.Rd2 Qe1+ 31.Kg2 h4 32.Qg4+ Kf8 33.Qd1 Qxd1 34.Rxd1 Ke7 35.Rd4 hxg3 36.hxg3 Kd6
37.Ra4 Kc5 38.Ra7 Re6 39.Rc7+ Kb5 40.Rxf7 Rb6 41.b4 Ra6 42.Rc7 Rxa3 43.Rc5+ Kxb4
44.Rxd5 Ra6 45.Kf3 Kc4 46.e4  1-0

[Event "Buenos Aires Najdorf"]
[Site "Buenos Aires"]
[Date "1995.??.??"]
[Round "2"]
[White "Szmetan, Jorge"]
[Black "Zarnicki, Pablo"]
[Result "1-0"]
[WhiteElo "2430"]
[BlackElo "2570"]

1.Nf3 Nf6 2.c4 e6 3.g3 d5 4.Bg2 Be7 5.d4 O-O 6.O-O dxc4 7.Ne5 Nc6 8.Nxc6 bxc6
9.Na3 Bxa3 10.bxa3 Rb8 11.Qa4 Qxd4 12.Be3 Qg4 13.Bf3 Qh3 14.Qxc4 e5 15.Bxa7 Ra8
16.Bc5 Be6 17.Qc2 Rfb8 18.Bg2 Qh5 19.Bxc6 Bf5 20.Qc4 Ng4 21.h4 Be6 22.Qc2 g5
23.f3 Nf6 24.Bxa8 Rxa8 25.Be7 Kg7 26.hxg5 Qxg5 27.Kg2 Re8 28.Bxf6+ Kxf6 29.Qc1 Qg6
30.Rh1 h5 31.Qe3 Rg8 32.Qf2 Qg5 33.Rh2 e4 34.fxe4+ Ke7 35.Rah1 Bg4 36.Qf4 Qb5
37.Rf1 Be6 38.Qxc7+ Ke8 39.Rf2 Rg4 40.Rh1 Rxe4 41.Rd1 Bd5 42.Kg1 Qc6 43.Qxc6+ Bxc6
44.Kf1 Rc4 45.Rf5 Rc2 46.Rxh5 Rxa2 47.Rd3 Rc2 48.Kf2 Ke7 49.Re5+ Kf6 50.Ree3 Bb5
51.Rc3 Ra2 52.Rc5 Bd7 53.Rc7 Be6 54.Ra7  1-0

[Event "Buenos Aires op"]
[Site "Buenos Aires"]
[Date "1995.??.??"]
[Round "5"]
[White "Giardelli, Sergio C"]
[Black "Zarnicki, Pablo"]
[Result "0-1"]
[WhiteElo "2465"]
[BlackElo "2520"]

1.c4 Nf6 2.Nf3 e6 3.g3 d5 4.d4 Be7 5.Bg2 O-O 6.O-O dxc4 7.Qc2 a6 8.a4 Bd7
9.Bg5 Bc6 10.Qxc4 Bd5 11.Qc1 Nc6 12.e3 Nb4 13.Bxf6 Bxf6 14.Nbd2 a5 15.e4 Bc6
16.Qc3 Qd7 17.b3 Rfd8 18.e5 Be7 19.Rfd1 Rac8 20.Nc4 b6 21.Qb2 Be4 22.Ne1 Bxg2
23.Nxg2 Nc6 24.d5 exd5 25.Nf4 Nb4 26.Qe2 Qf5 27.e6 dxc4  0-1

[Event "Buenos Aires tt"]
[Site "Buenos Aires"]
[Date "1995.??.??"]
[Round "6"]
[White "Scarella, Enrique"]
[Black "De Dovitiis, Alejo"]
[Result "1-0"]
[WhiteElo "2380"]
[BlackElo "2340"]

1.Nf3 d5 2.c4 e6 3.g3 Nf6 4.Bg2 Be7 5.d4 O-O 6.Nc3 c5 7.cxd5 exd5 8.O-O Nc6
9.b3 Bg4 10.Bb2 Re8 11.Rc1 a6 12.Na4 cxd4 13.Nxd4 Rc8 14.Nxc6 bxc6 15.Qd3 Qa5
16.e3 Bh5 17.Bh3 Bg4 18.Bxg4 Nxg4 19.Qd4 Nf6 20.Nc5 Bf8 21.Rfd1 Qb5 22.Rc2 a5
23.Rdc1 Re7 24.Qh4 Ne8 25.Qg4 Rec7 26.Kg2 g6 27.Ne6 f5 28.Nxc7 Rxc7 29.Qf4 Qb7
30.Qe5 Ng7 31.Kg1 Bb4 32.Rxc6  1-0